Studies on comparison of electrical properties of nanoclay reinforced EPDM-g-TMEVS/PS and EPDM-g-TMEVS/PMMA blends (Record no. 69562)

MARC details
000 -LEADER
fixed length control field 00565nam a2200181Ia 4500
100 ## - MAIN ENTRY--AUTHOR NAME
Personal name Ramar P
245 #0 - TITLE STATEMENT
Title Studies on comparison of electrical properties of nanoclay reinforced EPDM-g-TMEVS/PS and EPDM-g-TMEVS/PMMA blends
260 ## - PUBLICATION, DISTRIBUTION, ETC. (IMPRINT)
Name of publisher Progress in Rubber, Plastics and Recycling Technology
Year of publication 2008
300 ## - PHYSICAL DESCRIPTION
Number of Pages 121-140
650 ## - SUBJECT ADDED ENTRY--TOPICAL TERM
Topical Term Electrical properties
650 ## - SUBJECT ADDED ENTRY--TOPICAL TERM
Topical Term EPDM-g-TMEVS
650 ## - SUBJECT ADDED ENTRY--TOPICAL TERM
Topical Term EPDM-g-TMEVS/PMMA
650 ## - SUBJECT ADDED ENTRY--TOPICAL TERM
Topical Term EPDM-g-TMEVS/PS
650 ## - SUBJECT ADDED ENTRY--TOPICAL TERM
Topical Term Nanoclay
700 ## - ADDED ENTRY--PERSONAL NAME
Personal name Alagar M
942 ## - ADDED ENTRY ELEMENTS (KOHA)
Koha item type Journals
Holdings
Withdrawn status Lost status Damaged status Not for loan Home library Current library Shelving location Date acquired Serial Enumeration / chronology Koha item type
      Journals RRII Library RRII Library Rubber chemistry 23/07/2008 Volume 24, Issue 2 Journals